000 00506nam a2200181 a 4500
001 3870
005 20140414131847.0
008 040601s19uu xx 00 eng d
020 _a0-553-05506-2
050 _aER
_bW17 v.5
245 _aWalt Disney's Animals and their babies.
260 _aToronto :
_bA Bantam Book,
_c1983.
300 _a1 v. (unp.) : ill. ; cm.
440 _aFun-To-Read Library Series
650 _aAnimals
_xJuvenile literature.
650 _aChildren stories.
999 _c109987
_d109987